书目信息 |
| 题名: |
振动计算
|
|
| 作者: | ;太原工学院土木系 编 | |
| 分册: | ||
| 出版信息: | 北京 中国建筑工业出版社 1978 |
|
| 页数: | 148页 | |
| 开本: | 19cm | |
| 丛书名: | ||
| 单 册: | ||
| 中图分类: | TU311.3 | |
| 科图分类: | ||
| 主题词: | 建筑结构-结构振动--计算 , 结构振动-建筑结构--计算 | |
| 电子资源: | ||
| ISBN: | ||
| 000 | 00665nam0 2200229 45 | |
| 001 | 0178001527 | |
| 005 | 20060814163330.25 | |
| 010 | @dCNY0.36 | |
| 091 | @a15040.3448 | |
| 100 | @a19950728d1978 em y0chiy0121 ea | |
| 101 | 0 | @achi |
| 102 | @aCN@b110000 | |
| 105 | @ay z 000yy | |
| 200 | 10 | @a振动计算@Azhen dong ji suan@f太原工学院土木系《振动计算》编写组编 |
| 210 | @a北京@c中国建筑工业出版社@d1978 | |
| 215 | @a148页@d19cm | |
| 606 | @a建筑结构-结构振动@x计算 | |
| 606 | @a结构振动-建筑结构@x计算 | |
| 690 | @aTU311.3@v3 | |
| 711 | 02 | @a太原工学院土木系@Atai yuan gong xue yuan tu mu xi@4编 |
| 801 | 0 | @aCN@bTSSF@c20060814 |
| 905 | @a10447@dTU311.3@e294 | |
| 振动计算/太原工学院土木系《振动计算》编写组编.-北京:中国建筑工业出版社,1978 |
| 148页;19cm |
| ISBN :CNY0.36 |
| ● |
| 相关链接 |
|
|
|
|
正题名:振动计算
索取号:TU311.3/294
 
预约/预借
| 序号 | 登录号 | 条形码 | 馆藏地/架位号 | 状态 | 备注 |
| 1 | 0458263 | 204582638 | 密集书库/ [索取号:TU311.3/294] | 在馆 |